| Поле | Название | Значение |
| |
Тип записи |
c |
| |
Библиографический уровень |
m |
| 001 |
Контрольный номер |
RU/УОНБ/EK_N/322863029 |
| 005 |
Дата корректировки |
20250520124133.7 |
| 010 |
Индекс ISBN |
__ |
| 9 |
Тираж |
10000 экз. |
| 013 |
Номер (ISMN) |
__ |
| d |
Цена |
1 р. 62 к. |
| 071 |
Издательские номер (звукозапись и ноты) |
20 |
| a |
Номер, присвоенный агентством |
7768 |
| 100 |
Данные общей обработки |
__ |
| a |
Данные общей обработки |
20130614d1973 u y0rusy0103||||ca |
| 101 |
Язык документа |
0_ |
| a |
Язык текста |
rus |
| a |
Язык текста |
lat |
| a |
Язык текста |
fre |
| a |
Язык текста |
ita |
| f |
Язык титульного листа |
rus |
| 102 |
Страна публикации |
__ |
| a |
Страна публикации |
RU |
| 125 |
Кодированные данные звукозаписи и нотных изданий |
__ |
| a |
Форма изложения нотного текста |
с| |
| b |
Определитель литературного текста |
g |
| 128 |
Кодированные данные (звукозаписи-физические характеристики) |
__ |
| a |
Кодированные данные: Музыкальная форма и тональность или лад |
ar |
| a |
Кодированные данные: Музыкальная форма и тональность или лад |
li |
| c |
Инструменты или голоса, рекомендуемые для солистов (устаревшее) |
vd|| |
| c |
Инструменты или голоса, рекомендуемые для солистов (устаревшее) |
ka|| |
| 200 |
Заглавие и сведения об ответственности |
1_ |
| a |
Заглавие |
Арии, романсы и песни из репертуара Э. Карузо |
| b |
Общее обозначение материала |
[Ноты] |
| e |
Сведения, относящиеся к заглавию |
для тенора в сопровожд. фп. |
| f |
Первые сведения об ответственности |
исп. Э. Карузо |
| g |
Последующие сведения об ответственности |
сост. [и авт. предисл.] И.К. Назаренко |
| 210 |
Выходные данные |
1_ |
| a |
Место издания |
Москва |
| c |
Издательство |
Музыка |
| d |
Дата издания |
1973 |
| 215 |
Физическое описание |
__ |
| a |
Объем |
132 c. |
| c |
Иллюстрации/тип воспроизводства |
ил., портр. |
| d |
Формат |
29 см |
| 300 |
Общие примечания |
__ |
| a |
Общие примечания |
Концертный репертуар Э. Карузо : с. 127-130 |
| 327 |
Примечание о содержании |
11 |
| a |
Примечание о содержании |
Бах И.С. - Гуно Ш. Ave, Maria. - Бизе Ж. "Кармен" (Ария Хозе). - Верди Дж. "Аида" (Речитатив и романс Радамеса) ; "Макбет" (Ария Макдуфа) ; "Риголетто" (Баллада Герцога) ; "Трубадур" (Кабалетта Манрико). - Гомес А. "Невольник" (Романс Америко). - Галеви Ж. "Дочь кардинала" (Ария Элеазара). - Доницетти Г. "Дон Паскуале" (Серенада Ариесто) ; "Любовный напиток" (Романс Неморино). - Леонкавалло Р. "Паяцы" (Речитатив и ариозо Канио) ; Рассвет. - Масканьи П. "Сельская честь" (Застольная песня Туридду). - Пуччини Дж. "Тоска" (Ария Каварадосси) ; "Девушка с запада" (Ария Джонсона). - Рубинштейн А. "Нерон" (Строфы Нерона). - Мельо В. Не светится оконце : неаполитанская нар. песня. - Бракко Ч. А. Концертная серенада. - Гастальдон С. Запретная мелодия. - Донауди С. Портрет. - Каннио Э. Прощай Кармэ! - Капуа Э. О Мари ; Серенада розам. - Карузо Э. Былые дни. - Бартелеми Р. - Карузо Э. Муки любви (Цыган. вальс). - Куртис Э. Не плачь! - Крешенцо В. Откровенное признание (Тарантелла). - Оливьери А. Гарибальдийский гимн. - Тости Ф. П. Моя песня ; Прощай! ; Ласточка : неаполитан. нар. песня. - Чайковский П. Флорентинская песня. |
| 464 |
Аналитический уровень |
_0 |
| 1 |
|
2001 |
| a |
|
Ave, Maria |
| e |
|
Ave, Maria... |
| 464 |
Аналитический уровень |
_0 |
| 1 |
|
2001 |
| a |
|
Кармен |
| 464 |
Аналитический уровень |
_0 |
| 1 |
|
2001 |
| a |
|
Ария Хозе |
| e |
|
Видишь, как свято сохраняю цветок... |
| 464 |
Аналитический уровень |
_0 |
| 1 |
|
2001 |
| a |
|
Речитатив и романс Радамеса |
| e |
|
Ах, если б я был избран... |
| e |
|
из оперы "Аида" |
| 1 |
|
50010 |
| a |
|
Аида |
| 464 |
Аналитический уровень |
_0 |
| 1 |
|
2001 |
| a |
|
Ария Макдуфа |
| e |
|
О дети, мои малютки... |
| e |
|
из оперы "Макбет" |
| 1 |
|
702 1 |
| a |
|
Назаренко |
| b |
|
И. |
| 4 |
|
730 |
| 1 |
|
50010 |
| a |
|
Макбет |
| 464 |
Аналитический уровень |
_0 |
| 1 |
|
2001 |
| a |
|
Баллада герцога |
| e |
|
Та иль эта, я не разбираю... |
| e |
|
из оперы "Риголетто" |
| 1 |
|
50010 |
| a |
|
Риголетто |
| 464 |
Аналитический уровень |
_0 |
| 1 |
|
2001 |
| a |
|
Кабалетта Манрико |
| e |
|
Нет, не удастся, в том я клянуся... |
| e |
|
из оперы "Трубадур" |
| 1 |
|
50010 |
| a |
|
Трубадур |
| 464 |
Аналитический уровень |
_0 |
| 1 |
|
2001 |
| a |
|
Романс Америко |
| e |
|
Ты родилась - и к нам в венке цветов вошла весна... |
| e |
|
из оперы "Невольник" |
| 1 |
|
702 1 |
| a |
|
Крылов |
| b |
|
В. |
| 4 |
|
730 |
| 1 |
|
702 1 |
| a |
|
Назаренко |
| b |
|
И. |
| 4 |
|
730 |
| 1 |
|
50010 |
| a |
|
Невольник |
| 464 |
Аналитический уровень |
_0 |
| 1 |
|
2001 |
| a |
|
Ария Элеазара |
| e |
|
Рахиль, ты мне дана... |
| e |
|
из оперы "Дочь кардинала" |
| 1 |
|
702 1 |
| a |
|
Скриб |
| b |
|
Э. |
| 4 |
|
520 |
| 1 |
|
50010 |
| a |
|
Дочь кардинала |
| 464 |
Аналитический уровень |
_0 |
| 1 |
|
2001 |
| a |
|
Серенада Эрнесто |
| e |
|
Чудесна ночь, чар весенних полна... |
| e |
|
из оперы "Дон Паскуале" |
| 1 |
|
702 1 |
| a |
|
Собинов |
| b |
|
Л. |
| 4 |
|
730 |
| 1 |
|
50010 |
| a |
|
Дон Паскуале |
| 464 |
Аналитический уровень |
_0 |
| 1 |
|
2001 |
| a |
|
Романс Неморино |
| e |
|
На праздник яркий, радостный... |
| e |
|
из оперы "Любовный напиток" |
| 1 |
|
50010 |
| a |
|
Любовный напиток |
| 464 |
Аналитический уровень |
_0 |
| 1 |
|
2001 |
| a |
|
Речитатив и ариозо Канио |
| e |
|
Играть, когда точно в бреду я... |
| e |
|
из оперы "Паяцы" |
| 1 |
|
702 1 |
| a |
|
Прянишников |
| b |
|
И. |
| 4 |
|
730 |
| 1 |
|
50010 |
| a |
|
Паяцы |
| 464 |
Аналитический уровень |
_0 |
| 1 |
|
2001 |
| a |
|
Рассвет |
| e |
|
Аврора уж солнце встречала... |
| 1 |
|
702 1 |
| a |
|
Леонкавалло |
| b |
|
Р. |
| 4 |
|
520 |
| 1 |
|
702 1 |
| a |
|
Мертен |
| b |
|
А. |
| 4 |
|
730 |
| 464 |
Аналитический уровень |
_0 |
| 1 |
|
2001 |
| a |
|
Застольная песня Туридду |
| e |
|
Сюда, сюда, друзья... |
| e |
|
из оперы "Сельская честь" |
| 1 |
|
50010 |
| a |
|
Сельская честь |
| 464 |
Аналитический уровень |
_0 |
| 1 |
|
2001 |
| a |
|
Тоска |
| 464 |
Аналитический уровень |
_0 |
| 1 |
|
2001 |
| a |
|
Ария Каварадосси |
| e |
|
Горели звезды... |
| 1 |
|
702 1 |
| a |
|
Фридерикс |
| b |
|
Г. |
| 4 |
|
730 |
| 464 |
Аналитический уровень |
_0 |
| 1 |
|
2001 |
| a |
|
ария Джонсона |
| e |
|
пусть верит Минни... |
| e |
|
из оперы "Девушка с запада" |
| 1 |
|
702 1 |
| a |
|
Улицкий |
| b |
|
М. |
| 4 |
|
730 |
| 1 |
|
50010 |
| a |
|
Девушка с запада |
| 464 |
Аналитический уровень |
_0 |
| 1 |
|
2001 |
| a |
|
Строфы Нерона |
| e |
|
О печаль и тоска... |
| e |
|
из оперы "Нерон" |
| 1 |
|
50010 |
| a |
|
Нерон |
| 464 |
Аналитический уровень |
_0 |
| 1 |
|
2001 |
| a |
|
Не светится оконце |
| e |
|
Не светится оконце... |
| e |
|
неаполитанская нар. песня |
| 1 |
|
702 1 |
| a |
|
Улицкий |
| b |
|
М. |
| 4 |
|
730 |
| 464 |
Аналитический уровень |
_0 |
| 1 |
|
2001 |
| a |
|
Концертная серенада |
| e |
|
В лунном сиянье жду я свиданья... |
| 1 |
|
702 1 |
| a |
|
Карузо |
| b |
|
Э. |
| 4 |
|
520 |
| 1 |
|
702 1 |
| a |
|
Крылов |
| b |
|
В. |
| 4 |
|
730 |
| 464 |
Аналитический уровень |
_0 |
| 1 |
|
2001 |
| a |
|
Запретная мелодия |
| e |
|
Лишь взойдет над балконом месяц ясный... |
| 1 |
|
702 1 |
| a |
|
Флик - Флок |
| 4 |
|
520 |
| 1 |
|
702 1 |
| a |
|
Назаренко |
| b |
|
И. |
| 4 |
|
730 |
| 464 |
Аналитический уровень |
_0 |
| 1 |
|
2001 |
| a |
|
Портрет |
| e |
|
Гляжу на твой портрет я... |
| 1 |
|
702 1 |
| a |
|
Крылов |
| b |
|
В. |
| 4 |
|
730 |
| 464 |
Аналитический уровень |
_0 |
| 1 |
|
2001 |
| a |
|
Прощай Карме! |
| e |
|
Прощай Карме! Уехать должен я... |
| 1 |
|
702 1 |
| a |
|
Калифано |
| b |
|
А. |
| 4 |
|
520 |
| 1 |
|
702 1 |
| a |
|
Назаренко |
| b |
|
И. |
| 4 |
|
730 |
| 464 |
Аналитический уровень |
_0 |
| 1 |
|
2001 |
| a |
|
О Мари |
| e |
|
Ах! Ты, окно, откройся... |
| 1 |
|
702 1 |
| a |
|
Руссо |
| b |
|
В. |
| 4 |
|
520 |
| 1 |
|
702 1 |
| a |
|
Пугачев |
| b |
|
М. |
| 4 |
|
730 |
| 1 |
|
702 1 |
| a |
|
Назаренко |
| b |
|
И. |
| 4 |
|
730 |
| 464 |
Аналитический уровень |
_0 |
| 1 |
|
2001 |
| a |
|
Серенада розам |
| e |
|
В полночный час под звуки мандолины... |
| 1 |
|
702 1 |
| a |
|
Крылов |
| b |
|
В. |
| 4 |
|
730 |
| 464 |
Аналитический уровень |
_0 |
| 1 |
|
2001 |
| a |
|
Былые дни |
| e |
|
Казались дивным раем те дни... |
| 1 |
|
702 1 |
| a |
|
Карузо |
| b |
|
Э. |
| 4 |
|
520 |
| 1 |
|
702 1 |
| a |
|
Крылов |
| b |
|
В. |
| 4 |
|
730 |
| 1 |
|
702 1 |
| a |
|
Назаренко |
| b |
|
И. |
| 4 |
|
730 |
| 464 |
Аналитический уровень |
_0 |
| 1 |
|
2001 |
| a |
|
Муки любви |
| e |
|
Взоры бездонных очей... |
| 1 |
|
702 1 |
| a |
|
Гаэл |
| b |
|
Р. |
| 4 |
|
520 |
| 1 |
|
702 1 |
| a |
|
Левик |
| b |
|
С. |
| 4 |
|
730 |
| 464 |
Аналитический уровень |
_0 |
| 1 |
|
2001 |
| a |
|
Не плачь! |
| e |
|
Как прекрасна гора этой ночью... |
| 1 |
|
702 1 |
| a |
|
Бовио |
| b |
|
Л. |
| 4 |
|
520 |
| 1 |
|
702 1 |
| a |
|
Абрамович |
| b |
|
Б. |
| 4 |
|
730 |
| 464 |
Аналитический уровень |
_0 |
| 1 |
|
2001 |
| a |
|
Откровенное признание |
| e |
|
Я скажу вам откровенно... |
| e |
|
тарантелла |
| 1 |
|
702 1 |
| a |
|
Мильиччо |
| b |
|
Э. |
| 4 |
|
520 |
| 1 |
|
702 1 |
| a |
|
Улицкий |
| b |
|
М. |
| 4 |
|
730 |
| 464 |
Аналитический уровень |
_0 |
| 1 |
|
2001 |
| a |
|
Гарибальдийский гимн |
| e |
|
К оружью! К оружью! Вставай с гордой песней... |
| 1 |
|
702 1 |
| a |
|
Меркантини |
| b |
|
Л. |
| 4 |
|
520 |
| 1 |
|
702 1 |
| a |
|
Крылов |
| b |
|
В. |
| 4 |
|
730 |
| 464 |
Аналитический уровень |
_0 |
| 1 |
|
2001 |
| a |
|
Моя песня |
| e |
|
Когда ты шепчешь о любви... |
| 1 |
|
702 1 |
| a |
|
Чиммино |
| b |
|
Ф. |
| 4 |
|
520 |
| 1 |
|
702 1 |
| a |
|
Крылов |
| b |
|
В. |
| 4 |
|
730 |
| 464 |
Аналитический уровень |
_0 |
| 1 |
|
2001 |
| a |
|
Прощай! |
| e |
|
Листья кружатся, осень близка... |
| 1 |
|
702 1 |
| a |
|
Риццелли |
| b |
|
Ф. |
| 4 |
|
520 |
| 1 |
|
702 1 |
| a |
|
Крылов |
| b |
|
В. |
| 4 |
|
730 |
| 1 |
|
702 1 |
| a |
|
Назаренко |
| b |
|
И. |
| 4 |
|
730 |
| 464 |
Аналитический уровень |
_0 |
| 1 |
|
2001 |
| a |
|
Ласточка |
| a |
|
Ветерок нежно травку колышет... |
| e |
|
неаполитан. нар. песня |
| 1 |
|
702 1 |
| a |
|
Пугачев |
| b |
|
М. |
| 4 |
|
730 |
| 464 |
Аналитический уровень |
_0 |
| 1 |
|
2001 |
| a |
|
Флорентинская песня |
| e |
|
Если ты хочешь, желанная, знать... |
| 1 |
|
702 1 |
| a |
|
Чайковский |
| b |
|
П. |
| 4 |
|
730 |
| 464 |
Аналитический уровень |
_0 |
| 1 |
|
700 1 |
| a |
|
Бах |
| b |
|
И. С. |
| g |
|
Иоганн Себастьян |
| 464 |
Аналитический уровень |
_0 |
| 1 |
|
700 1 |
| a |
|
Гуно |
| b |
|
Ш. |
| g |
|
Шарль |
| 464 |
Аналитический уровень |
_0 |
| 1 |
|
700 1 |
| a |
|
Бизе |
| b |
|
Ж. |
| g |
|
Жорж |
| 464 |
Аналитический уровень |
_0 |
| 1 |
|
700 1 |
| a |
|
Верди |
| b |
|
Д. |
| g |
|
Джузеппе |
| 464 |
Аналитический уровень |
_0 |
| 1 |
|
700 1 |
| a |
|
Гомес |
| b |
|
А. |
| 464 |
Аналитический уровень |
_0 |
| 1 |
|
700 1 |
| a |
|
Галеви |
| b |
|
Ж. |
| 464 |
Аналитический уровень |
_0 |
| 1 |
|
700 1 |
| a |
|
Доницетти |
| b |
|
Г. |
| g |
|
Гаэтано |
| 464 |
Аналитический уровень |
_0 |
| 1 |
|
700 1 |
| a |
|
Леонкавалло |
| b |
|
Р. |
| g |
|
Руджеро |
| 464 |
Аналитический уровень |
_0 |
| 1 |
|
700 1 |
| a |
|
Масканьи |
| b |
|
П. |
| 464 |
Аналитический уровень |
_0 |
| 1 |
|
700 1 |
| a |
|
Пуччини |
| b |
|
Д. |
| g |
|
Джакомо |
| 464 |
Аналитический уровень |
_0 |
| 1 |
|
700 1 |
| a |
|
Рубинштейн |
| b |
|
А. Г. |
| g |
|
Антон Григорьевич |
| 464 |
Аналитический уровень |
_0 |
| 1 |
|
700 1 |
| a |
|
Мельо |
| b |
|
В. |
| 464 |
Аналитический уровень |
_0 |
| 1 |
|
700 1 |
| a |
|
Бракко |
| b |
|
Ч.А. |
| 464 |
Аналитический уровень |
_0 |
| 1 |
|
700 1 |
| a |
|
Гастальдон |
| b |
|
С. |
| 464 |
Аналитический уровень |
_0 |
| 1 |
|
700 1 |
| a |
|
Донауди |
| b |
|
С. |
| 464 |
Аналитический уровень |
_0 |
| 1 |
|
700 1 |
| a |
|
Каннио |
| b |
|
Э. |
| 464 |
Аналитический уровень |
_0 |
| 1 |
|
700 1 |
| a |
|
Карузо |
| b |
|
Э. |
| 464 |
Аналитический уровень |
_0 |
| 1 |
|
700 1 |
| a |
|
Бартелеми |
| b |
|
Р. |
| 464 |
Аналитический уровень |
_0 |
| 1 |
|
700 1 |
| a |
|
Куртис |
| b |
|
Э. |
| 464 |
Аналитический уровень |
_0 |
| 1 |
|
700 1 |
| a |
|
Крещенцо |
| b |
|
В. |
| 464 |
Аналитический уровень |
_0 |
| 1 |
|
700 1 |
| a |
|
Оливьери |
| b |
|
А. |
| 464 |
Аналитический уровень |
_0 |
| 1 |
|
700 1 |
| a |
|
Тости |
| b |
|
Ф. П. |
| 464 |
Аналитический уровень |
_0 |
| 1 |
|
700 1 |
| a |
|
Чайковский |
| b |
|
П. И. |
| g |
|
Петр Ильич |
| 512 |
Заглавие обложки |
1_ |
| a |
Заглавие обложки |
Арии, романсы и песни из репертуара Э. Карузо |
| 606 |
Тематические рубрики |
0_ |
| a |
Основная рубрика |
Вокальные произведения |
| x |
Основная подрубрика |
Отрывки из опер |
| x |
Основная подрубрика |
Песни |
| x |
Основная подрубрика |
Романсы и песни |
| 606 |
Тематические рубрики |
0_ |
| a |
Основная рубрика |
Тенор (голос) |
| 610 |
Ключевые слова |
0_ |
| a |
Ключевые слова |
тенор (голос) |
| 686 |
Индексы других классификаций |
__ |
| a |
Классификационный индекс |
85.943.1-42я43 |
| 2 |
Код системы |
rubbk |
| 686 |
Индексы других классификаций |
__ |
| a |
Классификационный индекс |
85.943.8 |
| 2 |
Код системы |
rubbk |
| 702 |
Вторичная интеллектуальная ответственность |
_1 |
| a |
Фамилия |
Карузо |
| b |
Имя (инициалы) |
Э. |
| g |
Полное личное имя |
Энрико |
| 4 |
Код отношения |
исп. |
| 702 |
Вторичная интеллектуальная ответственность |
_1 |
| a |
Фамилия |
Назаренко |
| b |
Имя (инициалы) |
И.К. |
| g |
Полное личное имя |
Иван Карпович |
| 4 |
Код отношения |
220 |
| 702 |
Вторичная интеллектуальная ответственность |
_1 |
| a |
Фамилия |
Назаренко |
| b |
Имя (инициалы) |
И. К. |
| 4 |
Код отношения |
080 |
| 801 |
Источник записи |
_0 |
| a |
Страна |
RU |
| b |
Организация |
Ульяновская государственная областная научная библиотека им.В.И.Ленина |
| c |
Дата составления |
20011004 |
| g |
Правила каталогизации |
PSBO |
| 801 |
Источник записи |
_1 |
| a |
Страна |
RU |
| b |
Организация |
Ульяновская государственная областная научная библиотека им.В.И.Ленина |
| c |
Дата составления |
20011004 |
| 901 |
Тип документа |
__ |
| t |
Тип документа |
m |
| 909 |
Создатель записи |
__ |
| a |
Создатель записи |
Зиновьева Г. А. |
| 938 |
Служебная информация |
__ |
| a |
Имя БД |
noti |
| b |
Имя библиотеки |
УОНБ |
| c |
Имя АИБС |
МАРК-SQL |
| d |
Номер DOC_ID в БД |
4751 |